00688 2200205 4500001002100000005001500021035002000036007000300056008004100059020002200100082001000122084001600132100001800148245014700166250001700313260003100330300004700361650003700408600003700445INLIS00000000000059720221122112506 a0010-1122000191ta221122 g 0 ind  a978-979-17034-0-6 aR 423 aR 423 K.A k0 aK.Adi Gunawan1 aKamus Lengkap Inggris - Indonesia - Inggris :bTenses; Reguler Verbs; Irregular Verbs; Kamus Bergambar untuk SMP - SMA & Umum /cK.Adi Gunawan aed. I Cet.13 aSurabaya :bKartika,c2008 a784 halaman :bilustrasi berwarna ;c25 cm 4aKamus Bahasa Inggris - Indonesia 4aKamus Bahasa Indonesia - Inggris